Loading...
| Fine Arts - Painting and Sculpture | 0 | 7 | 3 | 0 | 55 | 29 | 50.43 | 3 | 6 | 35.98 | 55.18 |
| Philosophy | 0 | 5 | 0 | 0 | 50 | 34 | 75.00 | 1 | 1 | 14.31 | 28.75 |
| Literature - British | 0 | 5 | 0 | 0 | 50 | 77 | 94.40 | 0 | 1 | 8.13 | 20.08 |
| History - American | 0 | 6 | 2 | 0 | 50 | 35 | 56.50 | 1 | 6 | 26.60 | 41.79 |
| Fine Arts - Other | 0 | 5 | 1 | 0 | 45 | 10 | 57.00 | 2 | 2 | 23.10 | 33.96 |
| Literature - American | 0 | 4 | 0 | 2 | 40 | 26 | 86.50 | 1 | 1 | 10.35 | 17.05 |
| History - European | 0 | 4 | 0 | 0 | 40 | 36 | 52.00 | 0 | 3 | 19.04 | 21.46 |
| Social Science | 0 | 4 | 1 | 0 | 35 | 49 | 59.00 | 2 | 3 | 24.54 | 46.63 |
| History - World | 0 | 3 | 1 | 0 | 25 | 59 | 67.67 | 0 | 0 | 9.78 | 9.60 |
| Literature - European | 0 | 2 | 1 | 0 | 15 | 57 | 89.00 | 1 | 1 | 4.42 | 12.12 |
| Literature - World | 0 | 2 | 1 | 0 | 15 | 96 | 113.50 | 0 | 0 | 1.23 | 3.41 |
| Mythology | 0 | 1 | 0 | 0 | 10 | 117 | 117.00 | 0 | 0 | 0.30 | 1.14 |
| Geography | 0 | 1 | 0 | 0 | 10 | 44 | 44.00 | 0 | 1 | 9.75 | 10.42 |
| Fine Arts - Classical Music | 0 | 1 | 0 | 0 | 10 | 107 | 107.00 | 0 | 0 | 1.05 | 4.04 |
| Religion | 0 | 1 | 0 | 1 | 10 | 119 | 119.00 | 0 | 0 | 0.00 | 1.14 |
| Current Events | 0 | 1 | 1 | 1 | 5 | 109 | 109.00 | 0 | 0 | 0.00 | 2.50 |
| History - Other | 0 | 1 | 1 | 0 | 5 | 56 | 56.00 | 1 | 1 | 4.38 | 7.95 |
| Science - Other | 0 | 1 | 1 | 0 | 5 | 24 | 24.00 | 0 | 1 | 7.07 | 6.82 |
| Popular Culture | 0 | 0 | 0 | 0 | 0 | 0.00 | 0 | 0 | 0.00 | 0.00 |